Les 20 départements les plus au sud - Facile - Statistiques

Statistiques générales
  • Ce quiz a été pris 193 fois
  • Le résultat moyen est 18 sur 20
Statistiques - réponses
Département Coordonnées Localité % Correct
Bouches-du-Rhône 43° 10′ 25″ Nord La Ciotat
96%
Corse-du-Sud 41° 20′ 00″ Nord Bonifacio (Iles Lavezzi)
96%
Haute-Corse 41° 54′ 17″ Nord Solaro
96%
Pyrénées-Orientales 42° 21′ 40″ Nord Lamanère
94%
Var 43° 00′ 36″ Nord Hyères (Iles d'Hyères)
94%
Guadeloupe 15° 51′ 00'' Nord Terre-de-Bas
93%
La Réunion 21° 23′ 20,5″ Sud Saint-Joseph (Pointe de Langevin)
93%
Martinique 14° 26′ 21″ Nord Sainte-Anne
92%
Pyrénées-Atlantiques 42° 52′ 27″ Nord Urdos
91%
Alpes-Maritimes 43° 30′ 28″ Nord Théoule-sur-Mer
90%
Mayotte 13° 00′ 06″ Sud Ilot Bouni
90%
Aude 42° 44′ 39″ Nord Le Bousquet
89%
Guyane 3° 38′ 40″ Nord Maripasoula
89%
Haute-Garonne 42° 47′ 27″ Nord Bagnères-de-Luchon
88%
Ariège 42° 35′ 30″ Nord L’Hospitalet-près-l’Andorre
86%
Hérault 43° 16′ 14″ Nord Vendres
86%
Hautes-Pyrénées 42° 48′ 58″ Nord Saint-Lary-Soulan
82%
Gers 43° 19′ 45″ Nord Mont-d'Astarac
79%
Tarn 43° 24′ 44″ Nord Les Cammazes
79%
Landes 43° 32′ 05″ Nord Oeyregave
78%
Aucun quiz correspondant
Distribution des résultats
% des personnes avec chaque résultat
Percentile par nombre de réponses
Votre historique - résultats
Vous n’avez pas pris ce quiz